000 00364 a2200145 4500
020 _a0006478662
040 _aDLC
_bDLC
082 _a823.914
100 1 _aArcher, Jeffrey,
245 1 2 _aA quiver full of arrows
_cJeffrey Archer.
260 _aLondon :
_bHarperCollins,
_c1993.
300 _a265 p.
_c22 cm.
650 0 _aShort stories.
942 _cBK
_k823.914 ARC
_2ddc
999 _c5036
_d5036